00749nam a2200193 a 450000100100000000500170001000800410002704000250006808200150009310000280010824500490013626000340018530000210021949000160024050400730025683000230032995201860035299900170053800003491220200930074001.0111021s1972 sp 000 0 spa d aDO-SdBNPbspacBNPHU axxxxbxxxx1 aCastro, Josue de96047710aGeopolítica del hambre /cJosue de Castro. aMadrid, :bGuadarrama,c1972. a339 p. ;c19 cm.1 aPunto omega aIncluye referencias bibliográficas y notas al pie de las páginas 0aPunto omega960478 001050718MOaGRbGRcHDd2011-10-21iLF1l0oxxxx xxxxp34912-10r2020-06-25w2020-06-25y1zPerteneció a la biblioteca personal de Juan Isidro Jimenes Grullón.ZNo se presta c34403d34403